000 00389nam a2200157Ia 4500
008 230917s9999||||xx |||||||||||||| ||und||
020 _cPON2.5
040 _e27038
_aMAIN
041 _aEnglish
082 _a410 S74L
100 _aStork, F C
245 0 _aLearning about linguistics: An introductory workbook
260 _aLondon
_bHutchinson
_c1977
300 _a186 p.
942 _cBK
999 _c184201
_d184201